| 000 | 01023cam a2200325 a 4500 | ||
|---|---|---|---|
| 001 | 000001714 | ||
| 005 | 20200929145655.0 | ||
| 008 | 001030s2000 sp a 001 0 spa d | ||
| 020 | _a8441510504 | ||
| 040 |
_aDO-SdBNP _cDLC _dDLC _dBNPHU |
||
| 041 | 1 | 7 |
_aspa _heng _2Código de idioma MARC |
| 082 |
_a006.7 _bG878d |
||
| 100 | 1 |
_aGross, Phil. _95574 |
|
| 245 | 1 | 0 |
_aDirector 8 y Lingo / _cPhil Gross. |
| 260 |
_aMadrid : _bAnaya Multimedia, _c2000. |
||
| 300 |
_a878 p. : _bil. ; _c23 cm. + cd. |
||
| 490 | 1 | _aTecnología multimedia | |
| 500 | _aIncluye cd-rom | ||
| 504 | _aIncluye índice alfabético | ||
| 534 |
_aTítulo original : _tDirector 8 and Lingo authorized |
||
| 650 | 4 |
_aMultimedia interactiva _95575 |
|
| 650 | 4 |
_aMultimedia por computador _95576 |
|
| 650 | 4 |
_aSistemas multimedia _95577 |
|
| 710 | 2 |
_aSeven Servicios Integrales. _95578 |
|
| 710 | 2 |
_aMacromedia Press. _95579 |
|
| 830 | 0 |
_aTecnología multimedia _95580 |
|
| 910 | _aCatalogación por copia / LC | ||
| 910 | _aWM | ||
| 049 | _aBNGR | ||
| 999 |
_c1592 _d1592 |
||